01137nam a2200145 a 4500008004100000020001500041100001800056245005700074250004200131260003500173300001100208500010100219505066000320655001100980161215e1986 spa||||| ||| 00| 0 spa d a95015176241 aBach, Richard aBiplano.bUn vuelo de la imaginacion /cRichard Bach a1a ed.bTraducción Andrés Vergara aBuenos Aires:bVergara;c1986. a192 p. aBach, R. (1986). Biplano. Un vuelo a la imaginación. (1a ed.). Buenos Aires : Vergara editor. aRichard Bach jamás podría escribir un libro sobre vuelos, aunque lo intentara. Si por vuelos se entiende un manual de planos técnicos y ejercicios, de cómo despegar y aterrizar, es obvio ya desde las primeras páginas de este libro, que no es eso lo que el lector obtendrá de la pluma de Bach. si, por el contrario, lo que el lector pretende es airear sus conocimientos, elevarse con Icaro, exponerse plenamente al aire y hacerlo con una inmensa alegría, entonces, sin duda, habrá que ponerse en manos de Richard Bach. Es hombre no "vuela", del mismo modo que su tatarabuelo Johann Sebastian Bach, tampoco "escribia música": la exhalaba.  aCuento